Sustaining the Malaysian rubber industrys contribution to a high income economy (Record no. 70087)

MARC details
000 -LEADER
fixed length control field 00385nam a2200133Ia 4500
245 #0 - TITLE STATEMENT
Title Sustaining the Malaysian rubber industrys contribution to a high income economy
260 ## - PUBLICATION, DISTRIBUTION, ETC. (IMPRINT)
Name of publisher International Rubber Journal
Year of publication 2011
300 ## - PHYSICAL DESCRIPTION
Number of Pages 16-26
650 ## - SUBJECT ADDED ENTRY--TOPICAL TERM
Topical Term Malaysia
650 ## - SUBJECT ADDED ENTRY--TOPICAL TERM
Topical Term Rubber industry
650 ## - SUBJECT ADDED ENTRY--TOPICAL TERM
Topical Term Rubber products
942 ## - ADDED ENTRY ELEMENTS (KOHA)
Koha item type Journals
Holdings
Withdrawn status Lost status Damaged status Not for loan Home library Current library Shelving location Date acquired Serial Enumeration / chronology Koha item type
      Journals RRII Library RRII Library General 04/08/2011 Volume 141, Issue June Journals